| 000 | 01240nam a2200301 4500 | ||
|---|---|---|---|
| 003 | EG-GICUC | ||
| 005 | 20260406213945.0 | ||
| 008 | 260406b |||||||| |||| 00| 0 eng d | ||
| 040 |
_a EG-GICUC _c EG-GICUC _d EG-GICUC _erda |
||
| 043 | _af-ua--- | ||
| 082 | 0 | 4 |
_221 _a343.551 |
| 092 | 0 | 4 | _221 |
| 099 | _aLaw1 10 343.551 س ل . ج | ||
| 100 | 0 | _aسليمان عبدالمنعم | |
| 245 | 1 | 2 |
_aالجوانب الإشكالية في النظام القانوني لتسليم المجرمين : _bدراسة مقارنة / _cسليمان عبدالمنعم. |
| 264 |
_aالإسكندرية _bدار الجامعة الجديدة للنشر |
||
| 300 |
_a365 صفحة _c24 سم |
||
| 336 |
_2rda content _atext |
||
| 337 |
_2rda media _aComputer |
||
| 338 |
_2rda carrier _aOnline Resource |
||
| 500 | _aمجلة الحقوق للبحوث القانونية والاقتصادية مجلة فصلية محكمة تصدرها كلية الحقوق - جامعة الإسكندرية | ||
| 504 | _a. 240-220 ببليوجرافيا: صفحات. | ||
| 650 | 1 | 4 |
_aتسليم المجرمين _2qrmak |
| 651 | 1 | _2qrmak | |
| 856 | 4 | 0 | _uhttps://fll.law.cu.edu.eg/fulltext/bks/B10-08487.pdf |
| 905 | _a17 | ||
| 942 |
_2ddc _n0 _cBK _e21 |
||
| 999 |
_c69371 _d69371 |
||